000 00847nam a22002657a 4500
001 BR8702333
003 BR-BrBNA
005 20230928092453.0
007 ta
008 230509b bl.||||| |||| 00| 0 por d
040 _aBR-BrBNA
_bpor
_cBiblioteca Nacional de Agricultura
041 _a(Por)
072 _aE80
_b1540
_b/G514
090 _ 1540 BR8702333
110 1 _aAssociacao de Credito e Assistencia Rural de Santa Catarina, Florianopolis (Brasil). Coordenacao de Economia Domestica
_9434
245 1 _aReceitas caseiras com mandioca [Brasil]
260 3 _aFlorianopolis, SC (Brasil):
_c1986.
300 _a16 p.
500 _a(*) Documento disponível no(a) CEAGRI, Florianopolis, SC (Brazil)
650 _aCULINARIA
650 _aECONOMIA DOMESTICA
650 _aMANDIOCA
909 _a202309
_bLucia
_c55
_dLucia Elande
942 _cBK
999 _c39257
_d39257